Administering Colonialism and War: (Record no. 167328)

MARC details
000 -LEADER
fixed length control field 00678nam a22001937a 4500
005 - DATE AND TIME OF LATEST TRANSACTION
control field 20220217145922.0
010 ## - LCCN (DPL NO)
LC control number ENG-126352
020 ## - INTERNATIONAL STANDARD BOOK NUMBER
International Standard Book Number 978-0-19-949373-9
Terms of availability 995.00
035 ## - SYSTEM CONTROL NUMBER
System control number EN-109884
037 ## - SOURCE OF ACQUISITION
Source of stock number/acquisition DBAD/PUB
082 ## - DEWEY DECIMAL CLASSIFICATION NUMBER
Classification number 950
100 ## - MAIN ENTRY--PERSONAL NAME
Personal name Alexander,Colin R.
245 ## - TITLE STATEMENT
Title Administering Colonialism and War:
Remainder of title The Political Life of Sir Andrew Clow of the Indian Civil Service/
Statement of responsibility, etc by Colin R. Alexander
260 ## - PUBLICATION, DISTRIBUTION, ETC. (IMPRINT)
Place of publication, distribution, etc New Delhi
Name of publisher, distributor, etc Oxford University Press
Date of publication, distribution, etc 2019
270 ## - ADDRESS
City New Delhi
Postal code 110002
Address 2/11 Ground Floor, Ansari Road, Daryaganj
300 ## - PHYSICAL DESCRIPTION
Extent xiii250p.
Dimensions 22cm(hb)
500 ## - GENERAL NOTE
General note Includes index and bibliography.
942 ## - ADDED ENTRY ELEMENTS (KOHA)
Source of classification or shelving scheme Dewey Decimal Classification
Item type English Books
Classification part 950
Call number suffix ALE
Holdings
Withdrawn status Lost status Not for loan Collection code Home library Current library Date acquired Source of acquisition Cost, normal purchase price Full call number Barcode Copy number Cost, replacement price Koha item type
      Non-fiction Ashok Vihar Ashok Vihar 28/08/2019 DBAD/PUB 995.00 950 ALE EN-109884 1 995.00 English Books

© Delhi Public Library
Hit Counter
free hit counter